000 00590nam a2200205 4500
003 OSt
005 20260423025614.0
006 a
008 240625b |||||||| |||| 00| 0 eng d
020 _a9789810697372
040 _aDWCL-Main lib.
_cOC
082 _aCirc. 301 M152s 2010
100 _aMacionis, John J.
245 _aSociology /
260 _aSingapore :
_bPearson Education South Asia Pte Ltd. ,
_cc2010.
300 _axxiii,
_b720 p. : ill. ;
_c28 cm.
504 _aIncludes bibliographical references & index.
650 _a1. Sociology.
942 _2ddc
_n0
_cBK-CIRC
_kCirc.
999 _c1271
_d1271